BIBLIOTHÈQUE DE LA MAISON DU MEXIQUE

Logo 1 Logo 2

Tierra, agua y bosques (notice nᵒ 3201)

détails MARC
000 -Sello discográfico
campo de control de longitud fija 01592nam a2200385 4500
005 - Identificación de versión
campo de control 20251016083507.0
010 ## - Número Estándar Internacional de Libros (ISBN)
Número (ISBN) 968-7441-08-9
035 ## - Otros números de control del sistema
Número de control del sistema 25012
035 ## - Otros números de control del sistema
Número de control del sistema 33625
099 ## - fechas locales
Tipo de ítem Koha LIBRO
100 ## - Datos de procesamiento general
Datos de procesamiento general 19980428d1996 m y1spay5003 ba
105 ## - Campo de datos codificados: Material textual, monográfico
Datos codificados de monografía a 101zy
200 1# - Título y mención de responsabilidad
Título propio Tierra, agua y bosques
Designación general del material texto impreso
Otra información del título historia y medio ambiente en el México Central
Primer mención de responsabilidad Coordinación Alejandro Tortolero Villaseñor
205 ## - Declaración de edición
Declaración de edición 1a ed
210 ## - Publicación, distribución, etc.
Lugar de publicación, distribución, etc. México
Nombre del editor, distribuidor, etc. Centre Français d'Etudes Mexicaines et Centraméricaines : Instituto de Investigaciones Dr. José María Luis Mora : Potrerillos Editores : Universidad de Guadalajara
Fecha de publicación, distribución, etc. 1996
215 ## - Descripción física
Designación de material específico y extensión del ítem 441 p
Otras características físicas il.
Dimensiones 23 cm
318 ## - Nota de acción
Acción No se presta a domicilio
345 ## - Nota de información de adquisición
Fuente de adquisición/dirección de la suscripción [OBSOLETO] Intercambio y Donación Alejandro Tortolero Villaseñor
410 #1 - Series
Título Colección Ecología
606 ## - Término temático usado como materia
Elemento de entrada Agua, Abastecimiento de
Subdivisión geográfica México (Valle)
Número Koha 6795
606 ## - Término temático usado como materia
Elemento de entrada Agua
Subdivisión temática Uso
Subdivisión geográfica México (Valle)
Número Koha 6796
606 ## - Término temático usado como materia
Elemento de entrada Bosques
Subdivisión geográfica México (Valle)
Número Koha 6797
606 ## - Término temático usado como materia
Elemento de entrada Medio ambiente
Subdivisión geográfica México (Valle)
Subdivisión temática Historia
Número Koha 6798
606 ## - Término temático usado como materia
Elemento de entrada Uso de la tierra
Subdivisión temática Leyes y legislación
Subdivisión geográfica México (Valle)
Número Koha 6799
660 ## - Código de área geográfica
Código MX
702 ## - Nombre personal - Responsabilidad secundaria
Elemento de entrada Tortolero Villaseñor
Parte del nombre distinta del elemento de entrada Alejandro
Fechas 1958-
Número Koha 2252
801 #0 - Fuente de origen
Agencia cm
900 ## -
-- 1/16945
900 ## -
-- 710988549\\280498
942 ## - ELEMENTOS DE ENTRADA SECUNDARIOS (KOHA)
Tipo de ítem Koha Livre
996 ## -
-- MEX
-- 751145101
-- MMAG
-- 000015
-- 301.309 T712T
-- 20110201LIV
996 ## -
-- MEX
-- 751145101
-- MMAG
-- 000016
-- R301.309 T712T
-- 20110201LIV
Exemplaires
Estatus retirado Estado de daño Estado de pérdida Fecha de adquisición Biblioteca de origen Biblioteca actual Ubicación en estantería Código de barras Precio de reemplazo Signatura topográfica completa No para préstamo Tipo de ítem Koha Nota pública Nota no pública
      05/08/2025 Casa México Paris Casa México Paris   000015 05/08/2025 301.309 T712T No se presta a domicilio Livre 20110201LIV 751145101